[Event "Olympiad-44"]
[Site "Chennai"]
[Date "2022.08.02"]
[Round "5.4"]
[White "Nor, Mohamed Ahmed"]
[Black "Da Conceicao, Marcos"]
[Result "1-0"]
[WhiteElo "1907"]
[BlackElo "1713"]
[PlyCount "89"]
[EventDate "2022.07.29"]
[EventType "team-swiss"]
[EventRounds "11"]
[EventCountry "IND"]
[SourceTitle "CBM 210"]
[Source "ChessBase"]
[SourceDate "2022.10.31"]
[SourceVersion "1"]
[SourceVersionDate "2022.10.31"]
[SourceQuality "1"]
[WhiteTeam "Somalia"]
[BlackTeam "Timor Leste"]
[WhiteTeamCountry "SOM"]

1. e4 c5 2. Nf3 Nc6 3. d4 cxd4 4. Nxd4 e5 5. Nf3 Be7 6. Bc4 Nf6 7. Nc3 0-0 8. 0-0 d6 9. h3 a6 10. a4 Bd7 11. Re1 Rc8 12. Bg5 h6 13. Bxf6 Bxf6 14. Qxd6 Nd4 15. Bb3 Nxf3+ 16. gxf3 Bxh3 17. Qxd8 Rfxd8 18. Rad1 Be6 19. Rxd8+ Rxd8 20. Nd5 Bg5 21. c4 Kh7 22. Bc2 h5 23. Rd1 Kh6 24. b4 Rd6 25. c5 Rc6 26. Ne3 Rc8 27. Rd6 Bxe3 28. fxe3 Kg5 29. Kh2 Kh4 30. f4 exf4 31. exf4 g6 32. Bd1 Bg4 33. Bb3 Rf8 34. Bd5 Bc8 35. b5 axb5 36. axb5 Kg4 37. Rf6 g5 38. Bxf7 Kh4 39. fxg5 Kxg5 40. e5 Bd7 41. b6 Rc8 42. Rg6+ Kf5 43. e6 Be8 44. Rg8 Bxf7 45. exf7 1-0